000 00861nam a22002177a 4500
005 20240527114316.0
010 _aHIN-127604
020 _a9789390923151
_c300.00
035 _aHN-99950
037 _bDBAD
082 _a320.54
100 _aमिश्र, कलराज
_966906
245 _aसविंधान, संस्कृति और राष्ट्र/
_cकलराज मिश्र
250 _a1
260 _aनई दिल्ली,
_bप्रभात प्रकाशन प्रा. लि.
_c2021
270 _a4/19 आसफ अली रोड,
_bनई दिल्ली
_e110002
300 _a152पृ.
_c22 सेमी.(सजिल्द)
650 _aहिन्दी
_966907
700 _aमिश्र, कलराज
_966436
942 _2ddc
_cHN
_h320.54
_mमिश्रक
999 _c203052
_d203052